00689 a2200193 45000010006000000050017000060080041000230030015000640400040000790800075001192450018001940200018002122640033002303000018002635050082002810410008003631000025003718560099003965309320260407155804.0260407a1989 arg spa dAR-UNSa-BCEJYS aAR-UNSa-BCEJYSbspacAR-UNSa-BCEJYS a330.834xKeynes y el keynesianismo. Neokeynesianismo. Poskeynesianismo10aKeynesianismo a84-281-0641-X 1aBarcelona :bOikos-tauc1989 a87 p.c17 cm. a1. Vida y obras - 2. La teoría general - 3. Las aventuras del Keynesianismo aspa1 aVercelli, Alessandro41uhttps://www.biblioeco.unsa.edu.ar/pmb/images/libros/L128403.jpgyImagen de portadaqimage/jpeg